000 00336nam a2200133Ia 4500
008 220216s9999 xx 000 0 und d
100 _aRogers H
245 0 _aSome aspects of rubber manufacture in America
260 _bIRI Transactions
_c1929
300 _a151-162
650 _aAmerica
650 _aRubber manufacture
942 _cJS
999 _c68931
_d68931